00253nam a2200109Ia 4500008004100000100002000041245002500061260001900086260000900105546001200114999001700126170619s9999 xx 000 0 und d aSingh and Sapre 0aCommunication System bNew Delhi: TMH c2001 aENGLISH c16214d16214